01705cam a22003374i 4500003000900000005001700009008004100026020001800067035002000085050002100105082002400126100002600150245006900176264006400245300003900309336002000348337002400368338002200392505085700414526001001271526001001281526001001291526001001301526000801311526000801319526000801327526000801335526000801343526000801351526000801359PE-LiUPU20250731172856.0160921s r 000 0 spa d a9780996266109 a(Sirsi) a163636 aBV676b.W34 201504a262.146732bW162211 aWahlen, Gina,eautor. aWomen's ordination :bDoes it matter? /cClinton and Gina Whlen. aSilver Spring, Maryland :bBright Shores Publishing,c2015. a208 páginas ;c23 centímetros. text2rdacontent unmediated2rdamedia volume2rdacarrier0 aSame book - different answers? -- Is ordination biblical? -- Some notable women in the Bible -- The husband of one wife...really? -- Must women keep silent in church? -- The headless horseman rides again -- But what about Ellen White? -- A "woman ministry" -- What we can learn from Acts 15 -- Does the Bible support women's ordination? -- More questions and answers. APPENDICES: Consensus statement on a Seventh-day Adventist theology of ordination -- English Bible translations of 1 Timothy 3:2 -- Similarities between 1 Timothy and Titus -- Reply on behalf of W. C. White regarding Ellen G. White's credentials -- Women licensed as Adventist ministers, 1869-1975 -- Theology of ordination: position no. 1 -- Why thethird option is not an option -- Sumary of theology of ordination study committee presentations: looking at all sides of the issue. aSEG42 aSEG41 aSEG40 aSEG39 aP94 aP87 aP86 aP85 aP77 aP76 aP35